000
00319nam a22001337a 4500
008
171010b xxu||||| |||| 00| 0 eng d
020
_a
9780176251956
041
_a
eng
080
_2
4 ED
_a
316
100
_a
50
101
_a
SOC
245
_a
SOCIOLOGY IN OUR TIMES THE ESSENTIALS
_c
KENDAL.D
942
_2
udc
_c
BK
999
_c
32936
_d
32936